Exploring parenting as a predictor of criminogenic thinking in college students

Gespeichert in:  
Bibliographische Detailangaben
Beteiligte: Gonzalez, Rose (BeteiligteR)
Medienart: Elektronisch Aufsatz
Sprache:Englisch
Veröffentlicht: 2014
In: International journal of offender therapy and comparative criminology
Jahr: 2014, Band: 58, Heft: 9, Seiten: 1081-1100
Online-Zugang: Volltext (doi)
Verfügbarkeit prüfen: HBZ Gateway
Schlagwörter:

MARC

LEADER 00000caa a22000002c 4500
001 1522327487
003 DE-627
005 20220603165512.0
007 cr uuu---uuuuu
008 151125s2014 xx |||||o 00| ||eng c
024 7 |a 10.1177/0306624X13487523  |2 doi 
035 |a (DE-627)1522327487 
035 |a (DE-576)452327482 
035 |a (DE-599)BSZ452327482 
040 |a DE-627  |b ger  |c DE-627  |e rakwb 
041 |a eng 
245 0 0 |a Exploring parenting as a predictor of criminogenic thinking in college students  |c Rose Gonzalez... 
264 1 |c 2014 
336 |a Text  |b txt  |2 rdacontent 
337 |a Computermedien  |b c  |2 rdamedia 
338 |a Online-Ressource  |b cr  |2 rdacarrier 
700 1 |a Gonzalez, Rose  |e Mitarb.  |4 oth 
773 0 8 |i In  |t International journal of offender therapy and comparative criminology  |d London [u.a.] : Sage Publ., 1972  |g 58(2014), 9, Seite 1081-1100  |h Online-Ressource  |w (DE-627)325163286  |w (DE-600)2034467-3  |w (DE-576)094533156  |x 1552-6933  |7 nnas 
773 1 8 |g volume:58  |g year:2014  |g number:9  |g pages:1081-1100 
856 |u https://doi.org/10.1177/0306624X13487523  |x doi  |3 Volltext 
951 |a AR 
ELC |a 1 
LOK |0 000 xxxxxcx a22 zn 4500 
LOK |0 001 2874290408 
LOK |0 003 DE-627 
LOK |0 004 1522327487 
LOK |0 005 20151125095305 
LOK |0 008 151125||||||||||||||||ger||||||| 
LOK |0 040   |a DE-21-110  |c DE-627  |d DE-21-110 
LOK |0 689   |a s  |a Parenting 
LOK |0 689   |a s  |a Criminogenic thinking 
LOK |0 689   |a s  |a College students 
LOK |0 852   |a DE-21-110 
LOK |0 852 1  |9 00 
LOK |0 939   |a 25-11-15  |b l01 
ORI |a SA-MARC-krimdoka001.raw